Small landlords dominate rental sector (Record no. 73283)
[ view plain ]
| 000 -LEADER | |
|---|---|
| fixed length control field | 01409cam a2200205 4500 |
| 008 - FIXED-LENGTH DATA ELEMENTS--GENERAL INFORMATION | |
| fixed length control field | 030827n2003 000 0 eng u |
| 035 ## - SYSTEM CONTROL NUMBER | |
| System control number | (Sirsi) u123376 |
| 245 ## - TITLE STATEMENT | |
| Title | Small landlords dominate rental sector |
| 260 ## - PUBLICATION, DISTRIBUTION, ETC. | |
| Date of publication, distribution, etc. | 2003 |
| 490 ## - SERIES STATEMENT | |
| Series statement | RICS Press Release |
| Volume/sequential designation | (pr085) 26 August 2003 (2) |
| 520 ## - SUMMARY, ETC. | |
| Summary, etc. | Investment in letting property appears to be on the increase with a sharp rise in the number of instructions to let residential property. Demand for rented property rose in the three months to July as first-time buyers found themselves unable to get on the property ladder. There was a drop in lettings in southeast England but elsewhere they held steady. RICS is calling on government to encourage insurance and pension fund investment in the residential market through Real Estate Investment Trusts (REITs), to stimulate diversity and growth in the market. "RICS residential lettings survey Great Britain" can be found at http://www.rics.org/ricscms/bin/show?class=MarketSurvey&template=/includes/showmarketsurvey.html&id=65. http://www.rics.org/ricscms/bin/show?class=PressRelease&template=/includes/showpr.html&id=1018&faculty=RICS |
| 590 ## - LOCAL NOTE (RLIN) | |
| Local note | WB |
| 650 ## - SUBJECT ADDED ENTRY--TOPICAL TERM | |
| Topical term or geographic name entry element | RESIDENTIAL LETTINGS |
| 650 ## - SUBJECT ADDED ENTRY--TOPICAL TERM | |
| Topical term or geographic name entry element | RESIDENTIAL PROPERTY INVESTMENT |
| 650 ## - SUBJECT ADDED ENTRY--TOPICAL TERM | |
| Topical term or geographic name entry element | REITS |
| 650 ## - SUBJECT ADDED ENTRY--TOPICAL TERM | |
| Topical term or geographic name entry element | RESIDENTIAL LETTINGS SURVEY |
| 650 ## - SUBJECT ADDED ENTRY--TOPICAL TERM | |
| Topical term or geographic name entry element | RESIDENTIAL PROPERTY MARKET |
| 690 ## - LOCAL SUBJECT ADDED ENTRY--TOPICAL TERM (OCLC, RLIN) | |
| Topical term or geographic name as entry element | HOUSING-PRIVATE RENTED SECTOR |
| 942 ## - ADDED ENTRY ELEMENTS (KOHA) | |
| Suppress in OPAC | 0 |
| Withdrawn status | Lost status | Source of classification or shelving scheme | Damaged status | Not for loan | Home library | Current library | Shelving location | Date acquired | Total Checkouts | Barcode | Date last seen | Copy number | Price effective from | Koha item type |
|---|---|---|---|---|---|---|---|---|---|---|---|---|---|---|
| Dewey Decimal Classification | London | London | News article | 27/08/2003 | 123376-1001 | 06/08/2019 | 1 | 06/08/2019 | News article |